00357nam a22000977a 4500008004100000082002400041100000800065245014300073260003500216300000800251230612b xxu||||| |||| 00| 0 eng d a354.0072250519bKEN cGOK a2007/2008 District Allocation Budget and project details of the GOK For the Year Ending 30th June 2008bFunded from Kenya Roads Board Fund aNairobi, KenyabGOKcJune 2008 a43p